[Event "St Petersburg op"]
[Site "St Petersburg"]
[Date "1994.??.??"]
[Round "7"]
[White "Chuprov, Dmitry"]
[Black "Varlamov, Viacheslav"]
[Result "1-0"]
[WhiteElo "2410"]
[BlackElo "2290"]
[PlyCount "111"]
[EventDate "1994.02.??"]
[EventType "swiss"]
[EventRounds "9"]
[EventCountry "RUS"]
[SourceTitle "CBM 041"]
[Source "ChessBase"]
[SourceDate "1994.08.01"]
[SourceVersion "1"]
[SourceVersionDate "1994.08.01"]
[SourceQuality "1"]

1. e4 c5 2. Nf3 Nf6 3. e5 Nd5 4. Nc3 e6 5. Nxd5 exd5 6. d4 Nc6 7. dxc5 Bxc5 8. Bd3 d6 9. exd6 0-0 10. 0-0 Qxd6 11. c3 Bd7 12. Bc2 Rfe8 13. Qd3 g6 14. Bb3 d4 15. cxd4 Bxd4 16. Be3 Bf5 17. Qd2 Bc5 18. Bxc5 Qxc5 19. Rac1 Qf8 20. Ng5 Re7 21. Rfe1 Rae8 22. Rxe7 Rxe7 23. Re1 Rxe1+ 24. Qxe1 Nd8 25. Qe5 h6 26. Ne4 Bxe4 27. Qxe4 Qd6 28. Qe3 Kg7 29. Qc3+ Qf6 30. Qxf6+ Kxf6 31. Kf1 Ke5 32. Ke2 g5 33. Ke3 f5 34. g3 Ne6 35. Bxe6 Kxe6 36. Kd4 Kd6 37. a4 b6 38. f3 h5 39. h3 a6 40. g4 hxg4 41. hxg4 Ke6 42. b3 f4 43. b4 Kd6 44. Kc4 Ke5 45. a5 Kd6 46. axb6 Kc6 47. b7 Kxb7 48. b5 a5 49. Kc5 Kc7 50. b6+ Kb7 51. Kb5 a4 52. Kxa4 Kxb6 53. Kb4 Kc6 54. Kc4 Kd6 55. Kd4 Ke6 56. Ke4 1-0

[Event "St Petersburg op"]
[Site "St Petersburg"]
[Date "1994.??.??"]
[Round "9"]
[White "Doroshkievich, Vladimir K"]
[Black "Varlamov, Viacheslav"]
[Result "1/2-1/2"]
[WhiteElo "2410"]
[BlackElo "2290"]
[PlyCount "21"]
[EventDate "1994.02.??"]
[EventType "swiss"]
[EventRounds "9"]
[EventCountry "RUS"]
[SourceTitle "CBM 041"]
[Source "ChessBase"]
[SourceDate "1994.08.01"]
[SourceVersion "1"]
[SourceVersionDate "1994.08.01"]
[SourceQuality "1"]

1. d4 g6 2. Nf3 Bg7 3. g3 d6 4. Bg2 Nd7 5. 0-0 e5 6. e4 c6 7. c3 Ngf6 8. Nbd2 0-0 9. Re1 Qc7 10. a4 a5 11. dxe5 1/2-1/2

[Event "St Petersburg op"]
[Site "St Petersburg"]
[Date "1994.??.??"]
[Round "2"]
[White "Varlamov, Viacheslav"]
[Black "Avrukh, Boris"]
[Result "1/2-1/2"]
[WhiteElo "2290"]
[BlackElo "2425"]
[PlyCount "89"]
[EventDate "1994.02.??"]
[EventType "swiss"]
[EventRounds "9"]
[EventCountry "RUS"]
[SourceTitle "CBM 041"]
[Source "ChessBase"]
[SourceDate "1994.08.01"]
[SourceVersion "1"]
[SourceVersionDate "1994.08.01"]
[SourceQuality "1"]

1. e4 c5 2. g3 d5 3. exd5 Qxd5 4. Nf3 Bg4 5. Bg2 Qe6+ 6. Kf1 Nc6 7. h3 Bh5 8. d3 Nf6 9. Nc3 Qd7 10. g4 Bg6 11. Bf4 e6 12. Ne5 Nxe5 13. Bxe5 Bd6 14. Bxf6 gxf6 15. Qf3 Be5 16. Re1 Qc7 17. Ne4 Ke7 18. h4 h6 19. g5 hxg5 20. hxg5 fxg5 21. Nxg5 Rxh1+ 22. Bxh1 f6 23. Nxe6 Kxe6 24. Qd5+ Ke7 25. f4 Rd8 26. Qg2 Rg8 27. Qh2 Qd7 28. fxe5 Qf5+ 29. Qf2 b6 30. Qxf5 Bxf5 31. exf6+ Kxf6 32. Kf2 Rh8 33. Bg2 Rd8 34. Re3 c4 35. dxc4 Rd2+ 36. Re2 Rxc2 37. Rxc2 Bxc2 38. Ke3 Ke5 39. b4 Bb1 40. a3 Kd6 41. Be4 Ba2 42. Kd4 Bb3 43. Bd5 Bd1 44. c5+ bxc5+ 45. bxc5+ 1/2-1/2

[Event "St Petersburg op"]
[Site "St Petersburg"]
[Date "1994.??.??"]
[Round "4"]
[White "Varlamov, Viacheslav"]
[Black "Gleizerov, Evgeny"]
[Result "0-1"]
[WhiteElo "2290"]
[BlackElo "2535"]
[PlyCount "142"]
[EventDate "1994.02.??"]
[EventType "swiss"]
[EventRounds "9"]
[EventCountry "RUS"]
[SourceTitle "CBM 041"]
[Source "ChessBase"]
[SourceDate "1994.08.01"]
[SourceVersion "1"]
[SourceVersionDate "1994.08.01"]
[SourceQuality "1"]

1. d4 e6 2. Nf3 f5 3. Nc3 d5 4. Bf4 Nf6 5. e3 Be7 6. Bd3 0-0 7. 0-0 Ne4 8. Ne2 c5 9. c4 Nc6 10. Ne5 Bf6 11. f3 Bxe5 12. dxe5 Ng5 13. Rc1 Nf7 14. cxd5 Qxd5 15. e4 Qxa2 16. Rxc5 Qxb2 17. Rb5 Qa3 18. Bc1 Qe7 19. Qb3 Rd8 20. exf5 Ncxe5 21. Bb1 a6 22. Ba3 Qd7 23. Rxe5 Nxe5 24. fxe6 Qxe6 25. Qc2 Qh6 26. Qe4 Qb6+ 27. Kh1 Ng6 28. Nf4 Nxf4 29. Qxf4 Qd4 30. Qg5 Be6 31. Qh5 h6 32. Qg6 Qf6 33. Qh7+ Kf7 34. Re1 Re8 35. h3 Bxh3 36. Rc1 Rac8 37. Ba2+ Be6 38. Rxc8 Rxc8 39. Bb2 Qh4+ 40. Kg1 Qe1+ 41. Kh2 Qh4+ 42. Kg1 Qg5 43. Bxe6+ Kxe6 44. Qe4+ Kd7 45. Qxb7+ Rc7 46. Qxa6 Ke7 47. Ba3+ Kf7 48. Qd6 Rc2 49. Qf8+ Kg6 50. Qe8+ Kh7 51. Qe4+ Qg6 52. Qxg6+ Kxg6 53. Kh2 h5 54. Bf8 Kf6 55. Bd6 Ke6 56. Bf8 g5 57. Kg3 Kf5 58. Bd6 Ra2 59. Bc7 Rd2 60. Kh3 Rd3 61. Kh2 g4 62. fxg4+ hxg4 63. Bb8 Ke4 64. Ba7 Rb3 65. Bc5 Kd3 66. Be7 Ke2 67. Bf6 Kf1 68. Bh4 Ra3 69. Bg5 Ra2 70. Kg3 Rxg2+ 71. Kf4 Kg1 0-1

[Event "Budapest Spring op 10th"]
[Site "Budapest"]
[Date "1994.??.??"]
[Round "6"]
[White "Varlamov, Viacheslav"]
[Black "Mansurov, Viacheslav"]
[Result "0-1"]
[WhiteElo "2290"]
[BlackElo "2400"]
[PlyCount "60"]
[EventDate "1994.03.??"]
[EventType "swiss"]
[EventRounds "9"]
[EventCountry "HUN"]
[SourceTitle "EXT 1997"]
[Source "ChessBase"]
[SourceDate "1996.11.15"]
[SourceVersion "1"]
[SourceVersionDate "1996.11.15"]
[SourceQuality "1"]

1. e4 c5 2. g3 Nc6 3. Bg2 d6 4. d3 e5 5. f4 f5 6. Nf3 Nf6 7. 0-0 exf4 8. Bxf4 Be7 9. Nc3 0-0 10. Qd2 d5 11. exd5 Nb4 12. Rae1 Nbxd5 13. Nxd5 Nxd5 14. Bg5 Bxg5 15. Qxg5 f4 16. gxf4 Nxf4 17. Re7 Ne6 18. Rxe6 Bxe6 19. Qxc5 Rc8 20. Qe5 Re8 21. Ng5 Bxa2 22. Qf5 g6 23. Qg4 Rxc2 24. Be4 Rf8 25. Nf3 Qd6 26. Qh3 Be6 27. Qh6 Bg4 28. Qh4 Qf4 29. Bd5+ Kh8 30. Qe7 Bxf3 0-1

[Event "Budapest Spring op 10th"]
[Site "Budapest"]
[Date "1994.??.??"]
[Round "5"]
[White "Varlamov, Viacheslav"]
[Black "Ruck, Robert"]
[Result "1/2-1/2"]
[WhiteElo "2290"]
[BlackElo "2420"]
[PlyCount "39"]
[EventDate "1994.03.??"]
[EventType "swiss"]
[EventRounds "9"]
[EventCountry "HUN"]
[SourceTitle "EXT 1997"]
[Source "ChessBase"]
[SourceDate "1996.11.15"]
[SourceVersion "1"]
[SourceVersionDate "1996.11.15"]
[SourceQuality "1"]

1. e4 c5 2. g3 g6 3. Bg2 Bg7 4. d3 Nc6 5. f4 e6 6. Nf3 Nge7 7. c3 d5 8. e5 Nf5 9. 0-0 h5 10. Re1 Bf8 11. Nbd2 Be7 12. Nf1 b6 13. Be3 Bb7 14. Bf2 Rc8 15. a3 a5 16. Rc1 Rc7 17. b4 axb4 18. axb4 0-0 19. bxc5 bxc5 20. h3 1/2-1/2

[Event "Leningrad tt"]
[Site "Leningrad"]
[Date "1986.??.??"]
[Round "?"]
[White "Tseitlin, Mark D"]
[Black "Varlamov, Viacheslav"]
[Result "1-0"]
[WhiteElo "2445"]
[BlackElo "2350"]
[PlyCount "79"]
[EventDate "1986.??.??"]
[EventType "team"]
[EventRounds "9"]
[EventCountry "URS"]
[SourceTitle "EXT 2000"]
[Source "ChessBase"]
[SourceDate "1999.11.16"]
[SourceVersion "1"]
[SourceVersionDate "1999.11.16"]
[SourceQuality "1"]

1. d4 g6 2. e4 Bg7 3. Nc3 c6 4. Nf3 d5 5. h3 Nh6 6. e5 f6 7. Bf4 0-0 8. Qd2 Nf7 9. 0-0-0 fxe5 10. dxe5 e6 11. h4 c5 12. h5 Nc6 13. hxg6 hxg6 14. Re1 c4 15. Rh3 d4 16. Nb5 c3 17. bxc3 Qa5 18. cxd4 Qxa2 19. Qc3 Bd7 20. Bc4 Qa4 21. Qd3 Rfc8 22. Qxg6 Nb4 23. Nc3 Qa3+ 24. Kd1 Qxc3 25. Qxf7+ Kxf7 26. Ng5+ Ke7 27. Rxc3 Nd5 28. Bxd5 Rxc3 29. Bd2 Rc7 30. Bb4+ Ke8 31. Bxe6 Rac8 32. Bf7+ Kd8 33. e6 Be8 34. e7+ Kd7 35. Bxe8+ Kxe8 36. Ne6 Bxd4 37. Nxd4 Rd7 38. c3 Rc4 39. Re4 b6 40. Rf4 1-0

[Event "Leningrad Masters"]
[Site "Leningrad"]
[Date "1984.??.??"]
[Round "?"]
[White "Ionov, Sergey"]
[Black "Varlamov, Viacheslav"]
[Result "0-1"]
[WhiteElo "2280"]
[BlackElo "2350"]
[PlyCount "68"]
[EventDate "1984.12.??"]
[EventType "tourn"]
[EventRounds "13"]
[EventCountry "URS"]
[SourceTitle "EXT 2013"]
[Source "ChessBase"]
[SourceDate "2012.11.22"]
[SourceVersion "1"]
[SourceVersionDate "2012.11.22"]
[SourceQuality "1"]

1. Nf3 c5 2. c4 g6 3. d4 Bg7 4. e4 d6 5. Be2 cxd4 6. Nxd4 Qb6 7. Nb3 Nd7 8. 0-0 Nc5 9. Qc2 Nxb3 10. axb3 Be6 11. Nc3 a6 12. Be3 Qc6 13. f4 Nf6 14. Rae1 0-0 15. f5 Bd7 16. g4 h6 17. Nd5 Rae8 18. Bf3 Nxd5 19. exd5 Qc8 20. Be4 g5 21. h4 Bf6 22. Qd2 Kg7 23. hxg5 hxg5 24. Bxg5 Rh8 25. Kg2 b5 26. Bd3 bxc4 27. bxc4 Qb7 28. Rxe7 Be5 29. f6+ Kg8 30. Bh4 Qxb2 31. Bc2 Kf8 32. Re1 Rxh4 33. R1xe5 dxe5 34. Rxd7 e4 0-1

[Event "Leningrad Masters"]
[Site "Leningrad"]
[Date "1984.??.??"]
[Round "?"]
[White "Varlamov, Viacheslav"]
[Black "Vorotnikov, Vladislav V"]
[Result "0-1"]
[WhiteElo "2350"]
[BlackElo "2475"]
[PlyCount "46"]
[EventDate "1984.12.??"]
[EventType "tourn"]
[EventRounds "13"]
[EventCountry "URS"]
[SourceTitle "EXT 2013"]
[Source "ChessBase"]
[SourceDate "2012.11.22"]
[SourceVersion "1"]
[SourceVersionDate "2012.11.22"]
[SourceQuality "1"]

1. e4 e5 2. Nf3 d6 3. d4 exd4 4. Qxd4 Nc6 5. Bb5 Nge7 6. Bg5 h6 7. Be3 a6 8. Bxc6+ Nxc6 9. Qd2 Be7 10. c4 Be6 11. b3 b5 12. cxb5 axb5 13. Qd3 Bf6 14. Nd4 Nxd4 15. Bxd4 Bxd4 16. Qxd4 Qg5 17. Nd2 Qxg2 18. Ke2 Qg5 19. Nf3 Qf4 20. Rhg1 c5 21. Qxg7 Qxe4+ 22. Kd2 Qxf3 23. Qxh8+ Kd7 0-1

[Event "URS"]
[Site "Soviet Union"]
[Date "1984.??.??"]
[Round "?"]
[White "Varlamov, Viacheslav"]
[Black "Yudasin, Leonid"]
[Result "0-1"]
[WhiteElo "2350"]
[BlackElo "2460"]
[PlyCount "76"]
[EventDate "1984.??.??"]
[EventType "tourn"]
[EventRounds "9"]
[EventCountry "URS"]
[SourceTitle "EXT 2010"]
[Source "ChessBase"]
[SourceDate "2010.11.25"]
[SourceVersion "1"]
[SourceVersionDate "2010.11.25"]
[SourceQuality "1"]

1. e4 c5 2. g3 Nc6 3. Bg2 e6 4. Ne2 Nge7 5. Nbc3 Nd4 6. 0-0 d6 7. Rb1 Nec6 8. a3 g6 9. d3 Bg7 10. Be3 0-0 11. Qd2 b6 12. b4 Bb7 13. Nc1 Rc8 14. b5 Ne5 15. f4 Ng4 16. Nd1 d5 17. c3 dxe4 18. dxe4 Nxe3 19. Qxe3 a6 20. a4 axb5 21. axb5 Qd7 22. Nd3 Nxb5 23. Ne5 Bxe5 24. fxe5 Na3 25. Nf2 Nxb1 26. Rd1 Qa4 27. Rxb1 Rcd8 28. Qg5 Qc2 29. Rf1 Rd2 30. Bf3 Ba6 31. Ng4 Bxf1 32. Nh6+ Kg7 33. Ng4 f5 34. exf6+ Kh8 35. f7 Qxc3 36. Ne5 Qd4+ 37. Kh1 Bg2+ 38. Bxg2 Qa1+ 0-1

[Event "Leningrad-ch57"]
[Site "Leningrad"]
[Date "1984.??.??"]
[Round "?"]
[White "Yermolinsky, Alex"]
[Black "Varlamov, Viacheslav"]
[Result "1-0"]
[WhiteElo "2420"]
[BlackElo "2350"]
[PlyCount "95"]
[EventDate "1984.04.??"]
[EventType "tourn"]
[EventRounds "17"]
[EventCountry "URS"]
[SourceTitle "EXT 2012"]
[Source "ChessBase"]
[SourceDate "2011.11.24"]
[SourceVersion "1"]
[SourceVersionDate "2011.11.24"]
[SourceQuality "1"]

1. Nf3 g6 2. e4 Bg7 3. d4 d6 4. Be2 c6 5. 0-0 Nd7 6. a4 a5 7. Na3 Qc7 8. Re1 Nh6 9. Bg5 f6 10. Bxh6 Bxh6 11. Bc4 Nb6 12. Bb3 e5 13. dxe5 dxe5 14. Nd2 Qd6 15. Ndc4 Nxc4 16. Nxc4 Qxd1 17. Raxd1 Bf8 18. Nb6 Rb8 19. Rd3 Bc5 20. Nxc8 Rxc8 21. Red1 Be7 22. Be6 Rc7 23. Rd7 Rxd7 24. Rxd7 b6 25. Rb7 Bd8 26. Kf1 Rf8 27. Rxh7 Be7 28. Rh6 g5 29. Rh7 Kd8 30. Ke2 Re8 31. g3 Kc7 32. h4 gxh4 33. gxh4 Kd6 34. Bf5 b5 35. b3 Rg8 36. h5 Bf8 37. axb5 cxb5 38. h6 a4 39. bxa4 bxa4 40. Rd7+ Kc6 41. h7 Rh8 42. Ra7 a3 43. Ra8 Kb7 44. Ra4 Bc5 45. Kd3 Kb6 46. Kc4 Be7 47. Kb3 Bc5 48. Rc4 1-0

[Event "Leningrad-ch56"]
[Site "Leningrad"]
[Date "1983.01.??"]
[Round "?"]
[White "Agapov, Konstantin"]
[Black "Varlamov, Viacheslav"]
[Result "1-0"]
[WhiteElo "2335"]
[BlackElo "2350"]
[PlyCount "115"]
[EventDate "1983.01.??"]
[EventType "tourn"]
[EventRounds "17"]
[EventCountry "URS"]
[SourceTitle "EXT 2006"]
[Source "ChessBase"]
[SourceDate "2005.11.24"]
[SourceVersion "1"]
[SourceVersionDate "2005.11.24"]
[SourceQuality "1"]

1. e4 c5 2. Nf3 Nf6 3. e5 Nd5 4. Nc3 e6 5. Nxd5 exd5 6. d4 Nc6 7. dxc5 Bxc5 8. Qxd5 Qb6 9. Bc4 Bxf2+ 10. Ke2 0-0 11. Rf1 Bc5 12. Ng5 Nd4+ 13. Kd1 Ne6 14. Ne4 d6 15. exd6 Rd8 16. Bd3 Bxd6 17. Qh5 f5 18. Nxd6 Qxd6 19. Qxf5 Qxh2 20. Qf7+ Kh8 21. Bg5 Rg8 22. Be3 Qxg2 23. Qh5 Nf8 24. Rg1 Qh3 25. Qxh3 Bxh3 26. Rh1 Bg2 27. Rh4 Bf3+ 28. Kd2 Rd8 29. Bd4 Rxd4 30. Rxd4 Ne6 31. Rh4 g6 32. Rf1 Ng5 33. Kc1 Kg7 34. Re1 h5 35. Rf4 Kh6 36. b4 a6 37. a4 Rg7 38. b5 axb5 39. axb5 Bg4 40. Rh1 Bd7 41. c4 Ne6 42. Rf6 Nd4 43. Rd6 Nb3+ 44. Kb2 Nc5 45. Be2 Be6 46. Ka3 Re7 47. Bf3 Kg5 48. Kb4 Rc7 49. Bxb7 Rxb7 50. Kxc5 Bf5 51. Rg1+ Kf4 52. b6 Rh7 53. Kd4 h4 54. c5 Rb7 55. Rdxg6 Bxg6 56. Rxg6 h3 57. Rh6 Rd7+ 58. Kc4 1-0

[Event "Leningrad-ch56"]
[Site "Leningrad"]
[Date "1983.01.??"]
[Round "?"]
[White "Varlamov, Viacheslav"]
[Black "Karasev, Vladimir I"]
[Result "0-1"]
[WhiteElo "2350"]
[BlackElo "2375"]
[PlyCount "92"]
[EventDate "1983.01.??"]
[EventType "tourn"]
[EventRounds "17"]
[EventCountry "URS"]
[SourceTitle "EXT 2006"]
[Source "ChessBase"]
[SourceDate "2005.11.24"]
[SourceVersion "1"]
[SourceVersionDate "2005.11.24"]
[SourceQuality "1"]

1. e4 c5 2. g3 Nc6 3. Bg2 d6 4. d3 g6 5. f4 Bg7 6. Nf3 e5 7. 0-0 Nge7 8. f5 gxf5 9. Nh4 fxe4 10. dxe4 h5 11. Nc3 Bg4 12. Bf3 Qd7 13. Bxg4 hxg4 14. Bg5 f6 15. Bxf6 Bxf6 16. Rxf6 Nd4 17. Nd5 Nxd5 18. exd5 Qe7 19. Rf2 Rxh4 20. gxh4 Qxh4 21. Qd3 Nf3+ 22. Rxf3 gxf3 23. Qg6+ Kd7 24. Qf7+ Qe7 25. Qxf3 Rg8+ 26. Kh1 e4 27. Qf5+ Kc7 28. Re1 Re8 29. Re3 b5 30. c3 a5 31. b3 b4 32. c4 a4 33. bxa4 Kb6 34. Qf4 Ka5 35. Qg3 Qf7 36. Qe1 Rf8 37. Qe2 Re8 38. Qe1 Qf6 39. Qe2 Qa1+ 40. Kg2 Qd4 41. Kh1 Rg8 42. Rg3 Rxg3 43. hxg3 Qd3 44. Qf2 Kxa4 45. Qf8 Qf3+ 46. Qxf3 exf3 0-1